仙靈傳奇 . 詞靈 . 貳

資料類型: Book 圖書   書目號:53469

Leader xxxxxxxxxx
001 __ PCLIS00053469
005 __ 20210623142308.0
010 0_ |a978-986-94531-4-1|b平裝|dNT$380
042 __ |anbim
100 __ |a20191030g20172020de y0chiy09      e
101 0_ |achi
102 __ |atw
105 __ |ay   z   000ay
200 1_ |a仙靈傳奇|h|i詞靈|f陳郁如文
205 __ |a第一版
210 __ |a臺北市|c親子天下|d2017[民106]
215 0_ |a331, [4]面|d21公分
225 12 |a少年天下系列|v37
320 __ |a附: 宋詞時光走廊
517 1_ |a詞靈|zchi
700 _1 |a|b郁如|4681 __ |a857.7|b8756 v.2
801 _0 |atw|bLibDipper|c20191030|gCCR
801 _1 |atw|b內湖高中|c20191105|gCCR
801 _2 |atw|b內湖高中|c20210623|gCCR
詳細館藏(共 1 筆)
索 書 號登 錄 號冊次號館別 / 館藏地流通類型狀態加入預約清單電子資源
857.7 / 8756 1026125 v.2 圖書館 / 一樓普通區 可外借30天 在館   

| 條列資料




目錄查詢 分類查詢 個人資料 圖書薦購 新書查詢 閉館日 排行榜 更多電子資源 Hami書城 線上資料庫 登出

From : 216.73.217.87

  本日流通累計至 09:54:02 借閱 : 10 次 續借 : 0 次 歸還 : 9 次 預約 : 0 次 電子資源 : 0 次


內湖高中圖書館  PCLIS 版本  26.5.0.12